Państwa z najmniejszym zanieczyszczeniem światłem - Statystyki

Ogólne statystyki
  • Ten quiz został rozwiązany 5 razy
  • Średni wynik to 9 z 24
Statystyki odpowiedzi
Zanieczyszczenie Państwo % Poprawnych
0,013 Etiopia
75%
0,005 Madagaskar
75%
0,006 Mongolia
75%
0,005 Czad
50%
0,010 Demokratyczna Republika Konga
50%
0,016 Gujana
50%
0,018 Gwinea
50%
0,007 Mali
50%
0,005 Mauretania
50%
0,005 Niger
50%
0,001 Republika Środkowoafrykańska
50%
0,002 Sudan Południowy
50%
0,003 Tuvalu
50%
0,005 Erytrea
25%
0,008 Gwinea Bissau
25%
0,014 Namibia
25%
0,020 Papua-Nowa Gwinea
25%
0,003 Somalia
25%
0,019 Botswana
0%
0,014 Kiribati
0%
0,020 Korea Północna
0%
0,011 Liberia
0%
0,014 Sierra Leone
0%
0,007 Wyspy Salomona
0%
Nie znaleziono quizów pasujących do podanych kryteriów
Rozkład punktacji
Procent ludzi z każdym wynikiem
Percentyl według liczby udzielonych odpowiedzi
Twoja historia wyników
Nie rozwiązałeś tego quizu